| 000 | 00326nam a22000857a 4500 | ||
|---|---|---|---|
| 999 |
_c516421 _d516421 |
||
| 100 |
_aNigam, Raj K. _922917 |
||
| 245 |
_aGovernment policies and guidelines for public sector enterprises and perceptions on public sector of pse chiefs & the scope _cby Raj K. Nigam |
||
| 260 |
_aNew Delhi _bD. C. Publications _c1997 |
||
| 300 | _a1534p. | ||